<?xml version="1.0" encoding="UTF-8"?><?xml-stylesheet type="text/xsl" href="static/style.xsl"?><OAI-PMH xmlns="http://www.openarchives.org/OAI/2.0/" xmlns:xsi="http://www.w3.org/2001/XMLSchema-instance" xsi:schemaLocation="http://www.openarchives.org/OAI/2.0/ http://www.openarchives.org/OAI/2.0/OAI-PMH.xsd"><responseDate>2026-04-17T17:16:27Z</responseDate><request verb="GetRecord" identifier="oai:www.recercat.cat:2117/428423" metadataPrefix="marc">https://recercat.cat/oai/request</request><GetRecord><record><header><identifier>oai:recercat.cat:2117/428423</identifier><datestamp>2025-07-17T08:14:36Z</datestamp><setSpec>com_2072_1033</setSpec><setSpec>col_2072_452950</setSpec></header><metadata><record xmlns="http://www.loc.gov/MARC21/slim" xmlns:dcterms="http://purl.org/dc/terms/" xmlns:xsi="http://www.w3.org/2001/XMLSchema-instance" xmlns:doc="http://www.lyncode.com/xoai" xsi:schemaLocation="http://www.loc.gov/MARC21/slim http://www.loc.gov/standards/marcxml/schema/MARC21slim.xsd">
   <leader>00925njm 22002777a 4500</leader>
   <datafield ind2=" " ind1=" " tag="042">
      <subfield code="a">dc</subfield>
   </datafield>
   <datafield ind2=" " ind1=" " tag="720">
      <subfield code="a">Bermejo Broto, Sandra</subfield>
      <subfield code="e">author</subfield>
   </datafield>
   <datafield ind2=" " ind1=" " tag="720">
      <subfield code="a">Bragós Bardia, Ramon</subfield>
      <subfield code="e">author</subfield>
   </datafield>
   <datafield ind2=" " ind1=" " tag="720">
      <subfield code="a">Vidal López, Eva María</subfield>
      <subfield code="e">author</subfield>
   </datafield>
   <datafield ind2=" " ind1=" " tag="720">
      <subfield code="a">Pagès Zamora, Alba Maria</subfield>
      <subfield code="e">author</subfield>
   </datafield>
   <datafield ind2=" " ind1=" " tag="260">
      <subfield code="c">2024</subfield>
   </datafield>
   <datafield ind2=" " ind1=" " tag="520">
      <subfield code="a">One of the most challenging situations in nowadays education at all levels is attracting and retaining the attention and motivation of the students. This situation has been deeply aggravated by the COVID situation, where the possibility of on-line lessons has led to new typologies of remote approaches. In this work, developed at the Barcelona School of Telecommunications Engineering (ETSETB) of the Universitat Politècnica de Catalunya (UPC), we describe the use of different methodologies to increase the student’s attendance to the classes. We evaluate two different case scenarios. Case 1 is the change of teaching strategy in the Sustainability &amp; Ethics (S&amp;E) seminars in project-based courses of bachelor’s degrees. And Case 2, is a core subject master’s degree in Telecommunications Engineering. Case 1 scenario consists of introducing S&amp;E competences in a bachelor-level Product Development Project course where students work in teams. These competences are taught through masterclass- style led seminars. The seminars show a high absenteeism level, as most of the teams decided to send just one representative of the team to attend to them. The solution proposed to Case 1 scenario consists on reducing the master-class exposition time and substituting it by&#xd;
a hands-on workshop on how to develop the S&amp;E report on the specific project topic of each team. This has increased the attendance to class, from 20% to 85% approximately in this track. The motivation has been also noticeably increased. Case 2 scenario analyses the subject&#xd;
Electronics Instrumentation and Optoelectronics (EIO). The subject has 80% contents of theoretical knowledge. The attendance to the theory lessons during the last few years was very low, especially after the COVID situation, roughly estimated to be a 35%, and the evaluation results showed that the final exam scores had decreased dramatically. With this starting point, the theory lessons have been changed by reducing the master-class part, including short individual open-book exams during the lessons and a final challenge-based (CB) activity related to the theory contents. The class attendance has increased from 35% to 95% and the motivation of the students attending to the class has been noticeably increased as well.</subfield>
   </datafield>
   <datafield ind2=" " ind1=" " tag="520">
      <subfield code="a">Peer Reviewed</subfield>
   </datafield>
   <datafield ind2=" " ind1=" " tag="520">
      <subfield code="a">Postprint (published version)</subfield>
   </datafield>
   <datafield tag="653" ind2=" " ind1=" ">
      <subfield code="a">Àrees temàtiques de la UPC::Enginyeria electrònica::Aspectes socials</subfield>
   </datafield>
   <datafield tag="653" ind2=" " ind1=" ">
      <subfield code="a">Absenteeism</subfield>
   </datafield>
   <datafield tag="653" ind2=" " ind1=" ">
      <subfield code="a">Attendance</subfield>
   </datafield>
   <datafield tag="653" ind2=" " ind1=" ">
      <subfield code="a">Motivation</subfield>
   </datafield>
   <datafield tag="653" ind2=" " ind1=" ">
      <subfield code="a">Engagement</subfield>
   </datafield>
   <datafield tag="653" ind2=" " ind1=" ">
      <subfield code="a">CDIO Standards 3</subfield>
   </datafield>
   <datafield tag="653" ind2=" " ind1=" ">
      <subfield code="a">4</subfield>
   </datafield>
   <datafield tag="653" ind2=" " ind1=" ">
      <subfield code="a">5</subfield>
   </datafield>
   <datafield tag="653" ind2=" " ind1=" ">
      <subfield code="a">7</subfield>
   </datafield>
   <datafield tag="653" ind2=" " ind1=" ">
      <subfield code="a">8.</subfield>
   </datafield>
   <datafield ind2="0" ind1="0" tag="245">
      <subfield code="a">Reducing absenteeism in the classroom: two case examples</subfield>
   </datafield>
   <datafield ind2="0" ind1="0" tag="245">
      <subfield code="a">Reducció de l'absentisme a classe: dos exemples</subfield>
   </datafield>
</record></metadata></record></GetRecord></OAI-PMH>